000 00335nam a2200133Ia 4500
005 20260326100048.0
008 260326s9999||||xx |||||||||||||| ||und||
100 _aVargas Caicedo, Hernando
245 0 _aLe Corbusier en Colombia /
_cHernando Vargas Caicedo
260 _bArco
300 _a157 p.
650 _aARQUITECTOS
942 _cBK
999 _c7257
_d7257